000 00445pab a2200169 454500
008 180718b2004 xxu||||| |||| 00| 0 eng d
100 _aVijayakumar, A.
245 _aGlobalization of Indian insurance sector - issues and challenges
260 _c2004
300 _ap.195-98.
362 _aMar
650 _aGlobalization - India
650 _aInsurance - India
650 _aInsurance
773 _aManagement Accountant
909 _a59816
999 _c59816
_d59816